00716 2200253 4500001002100000005001700021008004100038020001800079035002400097082001100121090001600132245008800148250001600236260002800252300003100280500002500311650004400336700001800380850001500398980001300413985000600426999001500432999001500447YOGYA-0209000000515020090227020800.0 ind  a979-421-229-6 0010-020900000005150 a300.72 a300.72bPen aPengembangan ilmu-ilmu sosial di indonesia sampai dekade 80 ancManasso, Malo (ed.) aEd.1, cet.1 aJakartabRajawalic1989 aviii, 401 hlmbilusc21 cm aTermasuk bibliografi aIlmu-ilmu sosial- Indonesia- Penelitian aMalo, Manasso aYOPDYOG(B) a07-06-05 a2 a95P0056757 a95P0056758